[Event "British Rapidplay"]
[Site "Peterborough"]
[Date "2024.03.03"]
[Round "10"]
[White "Veeturi, Yashvardhan"]
[Black "Jackson, Sheila"]
[Result "1/2-1/2"]
[WhiteElo "1713"]
[BlackElo "2010"]
[PlyCount "119"]
[EventDate "2024.03.02"]
[EventType "swiss (rapid)"]
[EventRounds "11"]
[EventCountry "ENG"]
[SourceTitle "CB10_2024"]
[SourceDate "2024.03.06"]
[SourceVersion "1"]
[SourceVersionDate "2024.03.06"]
[SourceQuality "1"]

1. e4 c5 2. Nc3 Nc6 3. Bb5 Nd4 4. Nf3 Nxb5 5. Nxb5 a6 6. Nc3 e6 7. d4 cxd4 8. Qxd4 d6 9. 0-0 Qc7 10. Be3 Nf6 11. h3 Be7 12. Rad1 0-0 13. e5 dxe5 14. Qxe5 Qxe5 15. Nxe5 b5 16. a3 Bb7 17. Nd7 Rfd8 18. Nxf6+ Bxf6 19. Bb6 Rxd1 20. Rxd1 Bxc3 21. bxc3 Be4 22. Rd8+ Rxd8 23. Bxd8 Bxc2 24. Ba5 Bd3 25. Bb4 e5 26. g3 f5 27. Kg2 e4 28. h4 g6 29. Kg1 Kf7 30. Kg2 Ke6 31. Kg1 Kd5 32. Kg2 Kc4 33. Kg1 Kb3 34. Kg2 Ka4 35. Kg1 a5 36. Bc5 Kb3 37. Bb6 a4 38. Bc5 Kxc3 39. Bb4+ Kd4 40. Kg2 Be2 41. Kg1 e3 42. fxe3+ Kxe3 43. Kh2 Kf3 44. Bd6 Bc4 45. Bb4 Kg4 46. Be7 f4 47. gxf4 Kxf4 48. Kg1 Kg3 49. h5 gxh5 50. Bd6+ Kf3 51. Kh2 Bf1 52. Bb4 h4 53. Bc5 h5 54. Bb4 Kg4 55. Bc5 Bc4 56. Bb4 Bd5 57. Bc5 h3 58. Bb4 Bg2 59. Bc5 Kf3 60. Bb4 1/2-1/2

[Event "British Rapidplay"]
[Site "Peterborough"]
[Date "2024.03.02"]
[Round "4"]
[White "Patel, Keatan"]
[Black "Jackson, Sheila"]
[Result "0-1"]
[WhiteElo "1888"]
[BlackElo "2010"]
[PlyCount "112"]
[EventDate "2024.03.02"]
[EventType "swiss (rapid)"]
[EventRounds "11"]
[EventCountry "ENG"]
[SourceTitle "CB10_2024"]
[SourceDate "2024.03.06"]
[SourceVersion "1"]
[SourceVersionDate "2024.03.06"]
[SourceQuality "1"]

1. e4 e5 2. Nf3 Nc6 3. Bb5 a6 4. Ba4 Nf6 5. d3 d6 6. c3 Be7 7. 0-0 0-0 8. Nbd2 b5 9. Bc2 h6 10. Re1 Re8 11. Nf1 Bf8 12. Ng3 g6 13. a4 Rb8 14. axb5 axb5 15. d4 exd4 16. cxd4 Nb4 17. Bb3 c5 18. dxc5 dxc5 19. Bf4 Rb7 20. Qe2 c4 21. Bc2 Nfd5 22. Bc1 Nxc2 23. Qxc2 Nb4 24. Qc3 Nd3 25. Rf1 Bg7 26. Qc2 Bg4 27. Ne1 Nxc1 28. Rxc1 Rd7 29. h3 Rd2 30. Qb1 Rxb2 31. Qa1 Be6 32. Qa6 b4 33. Nf3 c3 34. Rfd1 Qa8 35. Qd3 Bb3 36. Re1 Rd8 37. Qe3 Qa6 38. Ne2 Qd3 39. Qb6 Qd6 40. Qa5 Ra2 41. Qb5 Ba4 42. Qc4 Rb2 43. e5 Qd3 44. Qc7 Rd7 45. Qb8+ Kh7 46. Qa8 Bb3 47. Qa5 Rxe2 48. Rxe2 Qxe2 49. Qxb4 Rd1+ 50. Rxd1 Qxd1+ 51. Kh2 c2 52. Qxb3 c1Q 53. Qxf7 Qd8 54. e6 Qcc7+ 55. Qxc7 Qxc7+ 56. g3 Qd6 0-1

[Event "WchT Seniors 50"]
[Site "Struga"]
[Date "2023.09.20"]
[Round "2.2"]
[White "Jackson, Sheila"]
[Black "Hulme, William"]
[Result "1-0"]
[WhiteElo "2034"]
[BlackElo "1925"]
[PlyCount "193"]
[EventDate "2023.09.19"]
[EventType "team-swiss"]
[EventRounds "9"]
[EventCountry "MKD"]
[SourceTitle "EXT 2024"]
[Source "ChessBase"]
[SourceDate "2023.10.10"]
[SourceVersion "1"]
[SourceVersionDate "2023.10.10"]
[SourceQuality "1"]
[WhiteTeam "England 50 (W)"]
[BlackTeam "Scotland 50"]
[WhiteTeamCountry "ENG"]
[BlackTeamCountry "SCO"]

1. e4 e5 2. Nf3 Nc6 3. Bb5 a6 4. Bxc6 dxc6 5. 0-0 f6 6. d4 exd4 7. Nxd4 c5 8. Nb3 Be6 9. Be3 b6 10. Nc3 Bd6 11. Qh5+ g6 12. Qe2 Ne7 13. Rad1 Nc6 14. f4 Qc8 15. Nd5 0-0 16. Nxb6 cxb6 17. Rxd6 f5 18. exf5 Bxf5 19. Qc4+ Rf7 20. c3 Qc7 21. Rf6 Kg7 22. Rxf7+ Qxf7 23. Qxf7+ Kxf7 24. Rd1 Rd8 25. Rxd8 Nxd8 26. Nd2 Bd3 27. Nf3 Nc6 28. Ng5+ Kg7 29. Ne6+ Kf6 30. Nf8 Kf5 31. Nxh7 Bb1 32. a3 Na5 33. Ng5 Nc4 34. Bc1 Bc2 35. g3 a5 36. b4 cxb4 37. cxb4 a4 38. h3 b5 39. g4+ Kf6 40. Kf2 Bd3 41. Kf3 Bc2 42. h4 Bd1+ 43. Kg3 Bc2 44. Nf3 Bd3 45. h5 gxh5 46. gxh5 Bc2 47. Nd4 Bd1 48. Nxb5 Bxh5 49. Nc3 Be8 50. b5 Kf5 51. Nxa4 Bxb5 52. Nc5 Bc6 53. Nb3 Ba4 54. Nd2 Ne3 55. Bb2 Nd5 56. Be5 Bb5 57. Kf3 Ba4 58. Kg3 Bb5 59. Nb3 Ba4 60. Nc5 Bb5 61. a4 Bxa4 62. Nxa4 Nxf4 63. Bxf4 Ke4 64. Nc3+ Kd4 65. Ne2+ Ke4 66. Kf2 Kd5 67. Ke3 Kc5 68. Ke4 Kc6 69. Kd4 Kb6 70. Kd5 Kb5 71. Bd6 Kb6 72. Nd4 Kb7 73. Ne6 Kb6 74. Nd8 Kb5 75. Bc5 Ka6 76. Kc4 Ka5 77. Bd4 Ka6 78. Kc5 Ka7 79. Kc6+ Ka8 80. Ne6 Kb8 81. Nc7 Kc8 82. Ba7 Kd8 83. Nd5 Kc8 84. Ne7+ Kd8 85. Kd6 Ke8 86. Ke6 Kd8 87. Bb6+ Ke8 88. Ba5 Kf8 89. Nf5 Ke8 90. Ng7+ Kf8 91. Kf6 Kg8 92. Kg6 Kf8 93. Bb4+ Kg8 94. Nf5 Kh8 95. Bc5 Kg8 96. Nh6+ Kh8 97. Bd4# 1-0

[Event "EU-chT Seniors 50"]
[Site "Swidnica"]
[Date "2023.07.20"]
[Round "9.2"]
[White "Baliuniene, Margarita"]
[Black "Jackson, Sheila"]
[Result "1-0"]
[WhiteElo "1910"]
[BlackElo "2039"]
[PlyCount "103"]
[EventDate "2023.07.12"]
[EventType "team-tourn"]
[EventRounds "9"]
[EventCountry "POL"]
[SourceTitle "CBM 215 Extra"]
[Source "ChessBase"]
[SourceDate "2023.09.30"]
[SourceVersion "1"]
[SourceVersionDate "2023.09.30"]
[SourceQuality "1"]
[WhiteTeam "Lithuania (Women) 50"]
[BlackTeam "England 50 (W)"]
[WhiteTeamCountry "LTU"]
[BlackTeamCountry "ENG"]

1. d4 Nf6 2. Nf3 e6 3. c4 b6 4. e3 Bb7 5. Bd3 d5 6. Nc3 Bd6 7. Qc2 a6 8. a3 Nbd7 9. b4 dxc4 10. Bxc4 0-0 11. e4 e5 12. d5 Qe7 13. 0-0 b5 14. Bb3 Nb6 15. Be3 Ng4 16. Bg5 Nf6 17. h3 h6 18. Be3 Nfd7 19. Rfe1 Kh7 20. Ne2 a5 21. bxa5 Rxa5 22. Ng3 Rfa8 23. Nf5 Qf6 24. g4 Rxa3 25. Rxa3 Rxa3 26. g5 hxg5 27. Bxg5 Qg6 28. Kh2 Qh5 29. Bc1 Ra8 30. Ng5+ Kg8 31. Rg1 Bf8 32. d6 Nc4 33. Bxc4 bxc4 34. Qxc4 cxd6 35. Nxf7 d5 36. Qb5 Nc5 37. Nxe5 Qe8 38. Qb2 Bc8 39. Nh6+ Kh7 40. Nef7 Nd3 41. Qc2 dxe4 42. Ng5+ Kh8 43. Nhf7+ Kg8 44. Qc4 Be6 45. Qxe4 Qb8+ 46. f4 Ra2+ 47. Kg3 Bd6 48. Nh6+ Kf8 49. Nxe6+ Ke7 50. Nxg7+ Kd7 51. Qe6+ Kc7 52. Qxa2 1-0

[Event "EU-chT Seniors 50"]
[Site "Swidnica"]
[Date "2023.07.17"]
[Round "6.5"]
[White "Jackson, Sheila"]
[Black "Rasalingam, Haran Tobias"]
[Result "1/2-1/2"]
[WhiteElo "2039"]
[BlackElo "1826"]
[PlyCount "95"]
[EventDate "2023.07.12"]
[EventType "team-tourn"]
[EventRounds "9"]
[EventCountry "POL"]
[SourceTitle "CBM 215 Extra"]
[Source "ChessBase"]
[SourceDate "2023.09.30"]
[SourceVersion "1"]
[SourceVersionDate "2023.09.30"]
[SourceQuality "1"]
[WhiteTeam "England 50 (W)"]
[BlackTeam "England 50 III"]
[WhiteTeamCountry "ENG"]
[BlackTeamCountry "ENG"]

1. e4 c5 2. Nf3 Nc6 3. d4 cxd4 4. Nxd4 Nf6 5. Nc3 d6 6. Bg5 Bd7 7. Be2 Rc8 8. 0-0 Nxd4 9. Qxd4 Qa5 10. Be3 a6 11. a4 e6 12. Qb6 Qxb6 13. Bxb6 Rxc3 14. bxc3 Nxe4 15. Bf3 d5 16. Bxe4 dxe4 17. Rfd1 Be7 18. Rd4 Bc6 19. Rad1 0-0 20. a5 Bf6 21. Rc4 Bd5 22. Rc5 Be7 23. Rc7 Bd6 24. Rd7 Be5 25. c4 Bc6 26. Rd8 Bf6 27. Rxf8+ Kxf8 28. Kf1 Bc3 29. Ke2 Ke7 30. Rd8 f5 31. g3 Kf6 32. h4 g6 33. Rc8 h6 34. Ke3 e5 35. Rh8 Kg7 36. Rc8 g5 37. hxg5 hxg5 38. Ke2 f4 39. gxf4 gxf4 40. Rd8 Kf6 41. Rg8 Kf5 42. Rg7 f3+ 43. Ke3 Bb2 44. Rg1 Ba3 45. c3 Bf8 46. Kd2 Bh6+ 47. Be3 Bf8 48. Rg8 1/2-1/2

[Event "EU-chT Seniors 50"]
[Site "Swidnica"]
[Date "2023.07.13"]
[Round "2.3"]
[White "Jackson, Sheila"]
[Black "Emms, John M"]
[Result "0-1"]
[WhiteElo "2039"]
[BlackElo "2448"]
[PlyCount "132"]
[EventDate "2023.07.12"]
[EventType "team-tourn"]
[EventRounds "9"]
[EventCountry "POL"]
[SourceTitle "CBM 215 Extra"]
[Source "ChessBase"]
[SourceDate "2023.09.30"]
[SourceVersion "1"]
[SourceVersionDate "2023.09.30"]
[SourceQuality "1"]
[WhiteTeam "England 50 (W)"]
[BlackTeam "England 50"]
[WhiteTeamCountry "ENG"]
[BlackTeamCountry "ENG"]

1. e4 c5 2. Nf3 d6 3. d4 cxd4 4. Nxd4 Nf6 5. Nc3 Nc6 6. Bc4 e6 7. 0-0 Be7 8. Be3 0-0 9. h3 a6 10. a4 Bd7 11. Qe2 Qc7 12. Nxc6 Bxc6 13. Bf4 Rac8 14. Bd3 Nd7 15. Nd5 Bxd5 16. exd5 e5 17. Bf5 Rce8 18. Be3 Nf6 19. c4 g6 20. Bb1 Rc8 21. b3 a5 22. Ra2 Rfe8 23. g4 Nd7 24. Rd2 Qd8 25. Kg2 Bg5 26. Bc2 b6 27. Rdd1 Kg7 28. Qd2 h6 29. Rh1 Qf6 30. h4 Bf4 31. Rdf1 Re7 32. Rh3 Rh8 33. Rfh1 Bxe3 34. Rxe3 Qf4 35. Qe2 Nc5 36. h5 e4 37. hxg6 fxg6 38. Rhh3 Rf8 39. Rhg3 Re5 40. Kg1 Rf6 41. Rg2 Kf7 42. Qd1 Ke7 43. Qd2 Kf7 44. Qd1 Kg7 45. Qe2 Rf7 46. Qd1 Rfe7 47. Qd4 Qf6 48. Rgg3 Re8 49. Qd2 Rg5 50. Qd1 Ree5 51. Qd4 Qf4 52. Qd1 Nd7 53. Qe2 Nf6 54. Bd1 Nxg4 55. Rxg4 Rxg4+ 56. Qxg4 Rg5 57. Qxg5 Qxg5+ 58. Kf1 Qh4 59. Bc2 Qh1+ 60. Ke2 Qc1 61. Bxe4 h5 62. f4 h4 63. Bg2 Qg1 64. Kf3 Qh2 65. Bf1 h3 66. Bd3 Qg2# 0-1

[Event "BCF-chT2 2223 (4NCL)"]
[Site "England"]
[Date "2023.04.29"]
[Round "9.52"]
[White "Jackson, Sheila"]
[Black "Zakarian, David"]
[Result "0-1"]
[WhiteElo "2132"]
[BlackElo "2306"]
[PlyCount "66"]
[EventDate "2022.10.22"]
[EventType "team-tourn"]
[EventRounds "11"]
[EventCountry "ENG"]
[SourceTitle "EXT 2024"]
[Source "ChessBase"]
[SourceDate "2023.10.10"]
[SourceVersion "1"]
[SourceVersionDate "2023.10.10"]
[SourceQuality "1"]
[WhiteTeam "Spirit of Atticus"]
[BlackTeam "Oxford"]
[WhiteTeamCountry "ENG"]
[BlackTeamCountry "ENG"]

1. e4 c5 2. Nf3 Nc6 3. Bb5 e6 4. 0-0 Nge7 5. d4 cxd4 6. Nxd4 Qb6 7. Nxc6 bxc6 8. Bd3 Ng6 9. Nc3 Be7 10. Na4 Qa5 11. c4 0-0 12. Bd2 Qc7 13. f4 d6 14. Rc1 Bf6 15. Be3 c5 16. b3 Ne7 17. Bb1 Rd8 18. Qh5 g6 19. Qh6 Bg7 20. Qh4 Re8 21. Rf3 f5 22. e5 dxe5 23. fxe5 Nc6 24. Nxc5 Nxe5 25. Rh3 Ng4 26. Qxh7+ Kf7 27. Nxe6 Bxe6 28. Bd4 Nf6 29. Bxf6 Kxf6 30. Rg3 Qxg3 31. hxg3 Rh8 32. Qxh8 Rxh8 33. Rd1 Bf8 0-1

[Event "BCF-chT2 2223 (4NCL)"]
[Site "England"]
[Date "2023.03.18"]
[Round "7.54"]
[White "Jackson, Sheila"]
[Black "Zhang, Harvey Y"]
[Result "1/2-1/2"]
[WhiteElo "2132"]
[BlackElo "2138"]
[PlyCount "39"]
[EventDate "2022.10.22"]
[EventType "team-tourn"]
[EventRounds "11"]
[EventCountry "ENG"]
[SourceTitle "EXT 2024"]
[Source "ChessBase"]
[SourceDate "2023.10.10"]
[SourceVersion "1"]
[SourceVersionDate "2023.10.10"]
[SourceQuality "1"]
[WhiteTeam "Spirit of Atticus"]
[BlackTeam "Schach Attack"]
[WhiteTeamCountry "ENG"]
[BlackTeamCountry "ENG"]

1. e4 c5 2. Nc3 Nc6 3. f4 g6 4. Nf3 Bg7 5. Bb5 Nd4 6. a4 a6 7. Bc4 d6 8. h3 e6 9. 0-0 Ne7 10. d3 0-0 11. Nxd4 cxd4 12. Ne2 Rb8 13. a5 d5 14. Bb3 dxe4 15. dxe4 Nc6 16. Qd2 b6 17. axb6 Qxb6 18. Kh1 Rd8 19. Bc4 a5 20. e5 1/2-1/2

[Event "Guernsey op 46th"]
[Site "St James"]
[Date "2022.10.21"]
[Round "6"]
[White "Wynarczyk, Raymond"]
[Black "Jackson, Sheila"]
[Result "0-1"]
[WhiteElo "1739"]
[BlackElo "2077"]
[PlyCount "70"]
[EventDate "2022.10.16"]
[EventType "swiss"]
[EventRounds "7"]
[EventCountry "GCI"]
[SourceTitle "EXT 2024"]
[Source "ChessBase"]
[SourceDate "2023.10.10"]
[SourceVersion "1"]
[SourceVersionDate "2023.10.10"]
[SourceQuality "1"]

1. e4 e5 2. Nf3 Nc6 3. c3 d5 4. Qa4 f6 5. Bb5 Nge7 6. d3 Be6 7. Nbd2 a6 8. Bxc6+ Nxc6 9. Nf1 dxe4 10. Qxe4 Qd7 11. Ng3 0-0-0 12. 0-0 Qxd3 13. Qxd3 Rxd3 14. Be3 Be7 15. Ne4 b6 16. Ne1 Rd7 17. f4 exf4 18. Bxf4 Rhd8 19. Nf3 Bc4 20. Rfe1 h6 21. Be3 Bd5 22. Ng3 Bxf3 23. gxf3 Ne5 24. Kg2 Nc4 25. b3 Nxe3+ 26. Rxe3 Rd2+ 27. Re2 Rxe2+ 28. Nxe2 Rd2 29. Kf1 Bd6 30. Ke1 Rd3 31. Kf2 Bxh2 32. f4 g5 33. Rh1 Bxf4 34. Rxh6 Be5 35. Rg6 Bxc3 0-1

[Event "GBR-ch 108th"]
[Site "Torquay"]
[Date "2022.08.13"]
[Round "1"]
[White "Jackson, Sheila"]
[Black "Claridge Hansen, William"]
[Result "1/2-1/2"]
[WhiteElo "2070"]
[BlackElo "2345"]
[PlyCount "61"]
[EventDate "2022.08.13"]
[EventType "swiss"]
[EventRounds "9"]
[EventCountry "ENG"]
[SourceTitle "CBM 209 Extra"]
[Source "ChessBase"]
[SourceDate "2022.09.30"]
[SourceVersion "1"]
[SourceVersionDate "2022.09.30"]
[SourceQuality "1"]

1. e4 c5 2. Nf3 g6 3. d4 cxd4 4. Nxd4 Bg7 5. c4 Nc6 6. Be3 Nf6 7. Nc3 0-0 8. Be2 d6 9. h3 Bd7 10. 0-0 Nxd4 11. Bxd4 Bc6 12. Bf3 a5 13. Qd2 Nd7 14. Bxg7 Kxg7 15. Qd4+ Kg8 16. b3 Nc5 17. Nd5 e5 18. Qd2 Ne6 19. g3 Nd4 20. Bg2 Bxd5 21. cxd5 Qb6 22. Rac1 a4 23. b4 a3 24. Kh1 Rfc8 25. h4 Qb5 26. Bh3 Rxc1 27. Rxc1 Qe2 28. Qxe2 Nxe2 29. Rc7 b5 30. Bg4 Nd4 31. Bd1 1/2-1/2

[Event "London ECF (Women)"]
[Site "London"]
[Date "2022.04.10"]
[Round "8"]
[White "Jackson, Sheila"]
[Black "Zaksaite, Salomeja"]
[Result "1/2-1/2"]
[WhiteElo "2096"]
[BlackElo "2246"]
[PlyCount "45"]
[EventDate "2022.04.07"]
[EventType "tourn"]
[EventRounds "9"]
[EventCountry "ENG"]
[SourceTitle "CBM 207 Extra"]
[Source "ChessBase"]
[SourceDate "2022.05.31"]
[SourceVersion "1"]
[SourceVersionDate "2022.05.31"]
[SourceQuality "1"]

1. e4 c5 2. Nf3 e6 3. d4 cxd4 4. Nxd4 Nf6 5. Nc3 Nc6 6. Ndb5 d6 7. Bf4 e5 8. Bg5 a6 9. Na3 b5 10. Bxf6 gxf6 11. Nd5 Bg7 12. Bd3 Ne7 13. Nxe7 Qxe7 14. c4 0-0 15. 0-0 f5 16. f3 bxc4 17. Nxc4 d5 18. exd5 e4 19. Be2 Qc5+ 20. Kh1 Rd8 21. d6 Be6 22. Rc1 Rab8 23. b3 1/2-1/2

[Event "London ECF (Women)"]
[Site "London"]
[Date "2022.04.09"]
[Round "6"]
[White "Bhatia, Kanwal K"]
[Black "Jackson, Sheila"]
[Result "0-1"]
[WhiteElo "2018"]
[BlackElo "2096"]
[PlyCount "62"]
[EventDate "2022.04.07"]
[EventType "tourn"]
[EventRounds "9"]
[EventCountry "ENG"]
[SourceTitle "CBM 207 Extra"]
[Source "ChessBase"]
[SourceDate "2022.05.31"]
[SourceVersion "1"]
[SourceVersionDate "2022.05.31"]
[SourceQuality "1"]

1. e4 e5 2. Nf3 Nc6 3. Bc4 Bc5 4. c3 Nf6 5. d3 0-0 6. Bb3 d5 7. Qe2 dxe4 8. dxe4 h6 9. h3 Qe7 10. Nbd2 a6 11. Nf1 Be6 12. Ng3 Bxb3 13. axb3 Qe6 14. b4 Bb6 15. Nf5 Nh7 16. N3h4 Kh8 17. g4 Rad8 18. Rg1 Ng5 19. Bxg5 hxg5 20. Nf3 g6 21. Ng3 Qf6 22. Rh1 Kg7 23. Kf1 Rh8 24. Kg2 Rd6 25. Rad1 Nd8 26. Rxd6 cxd6 27. Qd2 Ne6 28. Ne2 Nf4+ 29. Nxf4 gxf4 30. Qd5 Qe7 31. Nd2 Qh4 0-1

[Event "London ECF (Women)"]
[Site "London"]
[Date "2022.04.08"]
[Round "4"]
[White "Smith, Olivia"]
[Black "Jackson, Sheila"]
[Result "1-0"]
[WhiteElo "1997"]
[BlackElo "2096"]
[PlyCount "87"]
[EventDate "2022.04.07"]
[EventType "tourn"]
[EventRounds "9"]
[EventCountry "ENG"]
[SourceTitle "CBM 207 Extra"]
[Source "ChessBase"]
[SourceDate "2022.05.31"]
[SourceVersion "1"]
[SourceVersionDate "2022.05.31"]
[SourceQuality "1"]

1. e4 c5 2. Nf3 Nc6 3. Bb5 e6 4. 0-0 Nge7 5. d4 cxd4 6. Nxd4 Qb6 7. Nxc6 dxc6 8. Bc4 Ng6 9. Nc3 Be7 10. Be3 Qc7 11. f4 0-0 12. a4 Qa5 13. Kh1 Qb4 14. Bb3 Bf6 15. Qf3 Rd8 16. Rad1 Bd7 17. Bd2 Qf8 18. Qh5 Be8 19. e5 Be7 20. f5 exf5 21. Qxf5 Nh8 22. Ne4 Bd7 23. e6 Bxe6 24. Bxe6 fxe6 25. Qxe6+ Nf7 26. Rf3 Rd5 27. Rdf1 Re5 28. Qb3 Rd5 29. Rxf7 Qxf7 30. Rxf7 Kxf7 31. Nc3 Rad8 32. Nxd5 Rxd5 33. Qf3+ Kg8 34. Bc3 Bf6 35. Bxf6 gxf6 36. h3 Kf7 37. Qb3 b6 38. c4 Rc5 39. Qd3 h5 40. b4 Re5 41. Qd7+ Re7 42. Qxc6 Kg6 43. c5 bxc5 44. Qxc5 1-0

[Event "London ECF (Women)"]
[Site "London"]
[Date "2022.04.07"]
[Round "2"]
[White "Orlovska, Madara"]
[Black "Jackson, Sheila"]
[Result "1/2-1/2"]
[WhiteElo "2063"]
[BlackElo "2096"]
[PlyCount "64"]
[EventDate "2022.04.07"]
[EventType "tourn"]
[EventRounds "9"]
[EventCountry "ENG"]
[SourceTitle "CBM 207 Extra"]
[Source "ChessBase"]
[SourceDate "2022.05.31"]
[SourceVersion "1"]
[SourceVersionDate "2022.05.31"]
[SourceQuality "1"]

1. d4 d5 2. Nc3 Nf6 3. Bf4 c5 4. e3 cxd4 5. exd4 a6 6. Nf3 Nc6 7. Be2 Bf5 8. 0-0 e6 9. Ne5 Nxe5 10. Bxe5 Rc8 11. Bd3 Bxd3 12. Qxd3 Be7 13. f4 g6 14. g4 0-0 15. Bxf6 Bxf6 16. Ne2 Qb6 17. Rab1 Rc6 18. Kh1 Qc7 19. c3 b5 20. a3 Bg7 21. Rf3 f5 22. Rg1 Rb6 23. h4 Qd7 24. Rh3 fxg4 25. Rhg3 Rf5 26. Rxg4 Qf7 27. Qh3 Kh8 28. Rg5 Bh6 29. Rxf5 Qxf5 30. Qxf5 exf5 31. Kg2 Re6 32. Kf3 Re4 1/2-1/2

[Event "ENG-ch rapid (Women)"]
[Site "London"]
[Date "2019.12.07"]
[Round "2"]
[White "Headlong, Georgia"]
[Black "Jackson, Sheila"]
[Result "1/2-1/2"]
[WhiteElo "1394"]
[BlackElo "2064"]
[PlyCount "287"]
[EventDate "2019.12.07"]
[EventType "swiss (rapid)"]
[EventRounds "7"]
[EventCountry "ENG"]
[SourceTitle "CBM 195 Extra"]
[Source "ChessBase"]
[SourceDate "2020.05.31"]
[SourceVersion "1"]
[SourceVersionDate "2020.05.31"]
[SourceQuality "1"]

1. e4 e5 2. Nf3 Nc6 3. Nc3 Nf6 4. Bb5 Bb4 5. 0-0 0-0 6. d3 d6 7. Bg5 Bxc3 8. bxc3 h6 9. Bh4 Bg4 10. h3 Bxf3 11. Qxf3 g5 12. Bg3 Qe7 13. Qf5 Qe6 14. Qxe6 fxe6 15. Rab1 Nd8 16. Bc4 c6 17. Rfe1 Nh5 18. Bh2 a5 19. d4 b5 20. Be2 Nf4 21. Bg4 exd4 22. cxd4 b4 23. g3 Ng6 24. Bh5 Kg7 25. Bxg6 Kxg6 26. g4 Nf7 27. Rb3 Rfd8 28. a3 c5 29. d5 e5 30. Reb1 Rd7 31. Bg3 Rb7 32. a4 c4 33. Rf3 Rab8 34. h4 gxh4 35. Bxh4 Ng5 36. Bxg5 hxg5 37. Kg2 b3 38. Rc3 bxc2 39. Rxb7 Rxb7 40. Rxc4 Rb4 41. Rxc2 Rxe4 42. Rc6 Rxg4+ 43. Kh3 Rxa4 44. Rxd6+ Kf5 45. Ra6 Ra3+ 46. Kg2 a4 47. d6 Ke6 48. Kf1 Ra2 49. Kg2 Ra3 50. Kf1 g4 51. Kg2 Kd7 52. Kf1 Ra2 53. Kg2 Ra3 54. Kf1 Ra1+ 55. Kg2 a3 56. Kh2 a2 57. Kg2 e4 58. Kh2 Ke6 59. Kg2 Rd1 60. Rxa2 Kxd6 61. Kg3 Ke5 62. Ra5+ Kd4 63. Kxg4 Rg1+ 64. Kf4 Rg8 65. Ra4+ Kd3 66. Ra3+ Ke2 67. Re3+ Kxf2 68. Rxe4 Rf8+ 69. Ke5 Kf3 70. Rd4 Re8+ 71. Kd5 Ke3 72. Rh4 Rd8+ 73. Kc4 Rc8+ 74. Kd5 Kf3 75. Ke5 Re8+ 76. Kd6 Kg3 77. Ra4 Kf3 78. Kd7 Re5 79. Kd6 Rh5 80. Ra3+ Ke4 81. Ra4+ Kd3 82. Ra3+ Kc4 83. Ra4+ Kb5 84. Re4 Rh6+ 85. Re6 Rh7 86. Re5+ Kc4 87. Rc5+ Kb4 88. Re5 Rg7 89. Re4+ Kb5 90. Re5+ Kb6 91. Re6 Rg5 92. Re5 Rg6+ 93. Re6 Rg5 94. Re5 Rg4 95. Ke6 Kc6 96. Kf5 Rg1 97. Ke6 Rh1 98. Rf5 Rh2 99. Rf6 Re2+ 100. Kf7+ Kd7 101. Rf5 Kd6 102. Rf6+ Kd5 103. Rf5+ Ke4 104. Rf6 Ra2 105. Re6+ Kd5 106. Rf6 Ra7+ 107. Kg6 Ke5 108. Rb6 Re7 109. Rb5+ Kd6 110. Rb6+ Kc5 111. Ra6 Kb5 112. Rf6 Kc5 113. Rf5+ Kd4 114. Ra5 Kc4 115. Kf6 Re1 116. Rf5 Kd4 117. Rf4+ Kd5 118. Rf5+ Kd6 119. Kg6 Ke6 120. Rf6+ Ke7 121. Rf7+ Ke6 122. Rf6+ Ke5 123. Rf5+ Ke4 124. Rf6 Rg1+ 125. Kf7 Ke5 126. Re6+ Kd5 127. Rf6 Rg2 128. Re6 Rg3 129. Rf6 Ra3 130. Re6 Ra7+ 131. Re7 Ra6 132. Kg7 Kd6 133. Rf7 Ra1 134. Rf6+ Ke5 135. Rg6 Ra7+ 136. Kf8 Kf5 137. Rb6 Ke5 138. Rc6 Kd5 139. Rb6 Kc5 140. Re6 Rb7 141. Re7 Rb6 142. Kf7 Kd5 143. Rd7+ Ke5 144. Re7+ 1/2-1/2

[Event "ENG-ch rapid (Women)"]
[Site "London"]
[Date "2019.12.07"]
[Round "6"]
[White "Serbanescu, Diana Maria"]
[Black "Jackson, Sheila"]
[Result "0-1"]
[WhiteElo "2019"]
[BlackElo "2064"]
[PlyCount "104"]
[EventDate "2019.12.07"]
[EventType "swiss (rapid)"]
[EventRounds "7"]
[EventCountry "ENG"]
[SourceTitle "CBM 195 Extra"]
[Source "ChessBase"]
[SourceDate "2020.05.31"]
[SourceVersion "1"]
[SourceVersionDate "2020.05.31"]
[SourceQuality "1"]

1. e4 e5 2. Nf3 Nc6 3. Bc4 Nf6 4. d3 Bc5 5. c3 d6 6. 0-0 0-0 7. h3 h6 8. Re1 Bb6 9. Nbd2 a6 10. Bb3 Ba7 11. Nf1 Na5 12. Bc2 c5 13. Ng3 Nc6 14. Be3 Re8 15. d4 b5 16. Qd2 Kh7 17. Rad1 Qc7 18. Qe2 Bb6 19. a3 Bd7 20. d5 Na5 21. Nh4 c4 22. Bc1 Ra7 23. Kh1 Nb3 24. Bxb3 cxb3 25. Nhf5 Bxf5 26. Nxf5 Bc5 27. Qf3 Ng8 28. g4 g6 29. Ng3 Qe7 30. Kg2 Rb7 31. Rh1 Qf6 32. Qe2 Qh4 33. Rd3 f6 34. Rf3 Rf8 35. Nf1 f5 36. exf5 gxf5 37. gxf5 Rg7+ 38. Ng3 Nf6 39. Kf1 Nh5 40. Nxh5 Qxh5 41. f6 Rg6 42. Be3 Bxe3 43. Qxe3 Rgxf6 44. Rxf6 Rxf6 45. Ke1 Qf5 46. Rf1 Qb1+ 47. Ke2 Qxb2+ 48. Qd2 Qxa3 49. Qd3+ Kh8 50. Ke3 Qc5+ 51. Ke2 Qc4 52. Ra1 Rxf2+ 0-1

[Event "EUR-chT Seniors 50"]
[Site "Mali Losinj"]
[Date "2019.09.25"]
[Round "8.1"]
[White "Jackson, Sheila"]
[Black "Druckenthaner, Andreas"]
[Result "0-1"]
[WhiteElo "2046"]
[BlackElo "2283"]
[PlyCount "99"]
[EventDate "2019.09.18"]
[EventType "team-swiss"]
[EventRounds "9"]
[EventCountry "CRO"]
[SourceTitle "EXT 2020"]
[Source "ChessBase"]
[SourceDate "2019.10.17"]
[SourceVersion "1"]
[SourceVersionDate "2019.10.17"]
[SourceQuality "1"]
[WhiteTeam "England 50 II"]
[BlackTeam "Austria 50"]
[WhiteTeamCountry "ENG"]
[BlackTeamCountry "AUT"]

1. e4 e5 2. Nf3 Nc6 3. Bb5 Bc5 4. 0-0 Nd4 5. Nxd4 Bxd4 6. c3 Bb6 7. d4 c6 8. Ba4 d6 9. dxe5 dxe5 10. Qxd8+ Bxd8 11. Be3 Nf6 12. f3 Bb6 13. Kf2 Be6 14. Rd1 Nd7 15. Bb3 Ke7 16. Bxe6 Kxe6 17. b3 g6 18. Nd2 f5 19. exf5+ gxf5 20. Nc4 Bc7 21. Re1 Rhe8 22. Rad1 b5 23. Nb2 Nf6 24. c4 Bb6 25. Bxb6 axb6 26. a4 e4 27. cxb5 cxb5 28. axb5 Ra2 29. Rd2 Rc8 30. Ree2 Rc3 31. Nc4 Rxd2 32. Nxd2 Kd5 33. h3 Kd4 34. fxe4 fxe4 35. Nc4 Rxb3 36. Nxb6 e3+ 37. Kf3 Rxb5 38. Rxe3 Rxb6 39. g4 Rb7 40. g5 Nd5 41. Re8 Re7 42. Rg8 Ke5 43. Kg4 Ke6 44. Rf8 Rf7 45. Re8+ Ne7 46. h4 Rg7 47. h5 h6 48. g6 Rg8 49. Rxg8 Nxg8 50. Kf4 0-1

[Event "EUR-chT Seniors 50"]
[Site "Mali Losinj"]
[Date "2019.09.20"]
[Round "3.5"]
[White "Jackson, Sheila"]
[Black "Krebs, Johann"]
[Result "0-1"]
[WhiteElo "2046"]
[BlackElo "2226"]
[PlyCount "62"]
[EventDate "2019.09.18"]
[EventType "team-swiss"]
[EventRounds "9"]
[EventCountry "CRO"]
[SourceTitle "EXT 2020"]
[Source "ChessBase"]
[SourceDate "2019.10.17"]
[SourceVersion "1"]
[SourceVersionDate "2019.10.17"]
[SourceQuality "1"]
[WhiteTeam "England 50 II"]
[BlackTeam "Steiermark 50"]
[WhiteTeamCountry "ENG"]
[BlackTeamCountry "AUT"]

1. e4 c6 2. d4 d5 3. exd5 cxd5 4. c4 Nf6 5. Nc3 Nc6 6. Nf3 g6 7. cxd5 Nxd5 8. Qb3 Nxc3 9. bxc3 Bg7 10. Be2 0-0 11. Ba3 Qc7 12. 0-0 Be6 13. Qb5 Rfd8 14. Rfd1 Bd5 15. Rab1 Rac8 16. Rd2 b6 17. Qa4 Na5 18. Ba6 Nc4 19. Bxc4 Bxc4 20. Re1 e6 21. Bb2 Rd5 22. a3 Rb5 23. Qc2 Bh6 24. Re3 Bd5 25. Rdd3 Bb3 26. Qc1 Bc4 27. Rd1 Be2 28. Re1 Bxf3 29. gxf3 Rh5 30. Kf1 Rxh2 31. Ke2 Qc4+ 0-1